All US Counties over 250k - Statistics

General Stats
  • This quiz has been taken 85 times
  • The average score is 137 of 277
Answer Stats
Hint Answer % Correct
CA Los Angeles Los Angeles
93%
CA Orange Los Angeles
93%
FL Orange Orlando
93%
NY Orange New York
93%
NY New York New York
90%
CA San Diego San Diego
88%
NY Suffolk New York
88%
MA Suffolk Boston
88%
IL Cook Chicago
86%
TX Dallas Dallas-Fort Worth
86%
TX Harris Houston
86%
NY Queens New York
86%
CA Sacramento Sacramento
86%
NV Clark Las Vegas
83%
WA Clark Portland
83%
KY Jefferson Louisville
83%
AL Jefferson Birmingham
83%
CO Jefferson Denver
83%
LA Jefferson New Orleans
83%
TX Jefferson Beaumont-Port Arthur
83%
WA King Seattle
83%
FL Miami-Dade Miami
83%
CA San Francisco San Francisco-Oakland
83%
PA Philadelphia Philadelphia
81%
DC Washington DC Washington DC-Baltimore
81%
MI Wayne Detroit
81%
TX El Paso El Paso
79%
CO El Paso Colorado Springs
79%
CA Fresno Fresno
79%
NY Kings New York
79%
AZ Maricopa Phoenix
79%
UT Salt Lake Salt Lake City
79%
CA San Bernardino Los Angeles
79%
MO St Louis St Louis
79%
MO St Louis (City) St Louis
79%
OR Washington Portland
79%
MN Washington Minneapolis-St Paul
79%
MO Jackson Kansas City
76%
NY Richmond New York
76%
NY Erie Buffalo
74%
PA Erie Erie
74%
ID Ada Boise
71%
NY Bronx New York
71%
FL Broward Miami
71%
HI Honolulu Honolulu
71%
MA Middlesex Boston
71%
NJ Middlesex New York
71%
MI Oakland Detroit
71%
CA Riverside Los Angeles
71%
TX Bexar San Antonio
69%
TX Collin Dallas-Fort Worth
69%
CO Denver Denver
69%
NJ Essex New York
69%
MA Essex Boston
69%
OH Hamilton Cincinnati
69%
TN Hamilton Chattanooga
69%
IN Hamilton Indianapolis
69%
IN Marion Indianapolis
69%
FL Marion Ocala
69%
OR Marion Salem
69%
WI Milwaukee Milwaukee
69%
MD Montgomery Washington DC-Baltimore
69%
PA Montgomery Philadelphia
69%
TX Montgomery Houston
69%
OH Montgomery Dayton
69%
MA Norfolk Boston
69%
NY Westchester New York
69%
PA Allegheny Pittsburgh
67%
GA Fulton Atlanta
67%
CT Hartford Hartford
67%
AL Madison Huntsville
67%
IL Madison St Louis
67%
CA Santa Clara San Jose
67%
TX Tarrant Dallas-Fort Worth
67%
MD Baltimore Washington DC-Baltimore
64%
MD Baltimore (City) Washington DC-Baltimore
64%
IL Lake Chicago
64%
IN Lake Chicago
64%
FL Lake Orlando
64%
NY Nassau New York
64%
MA Worcester Worcester
64%
PA York York
64%
SC York Charlotte
64%
CO Adams Denver
62%
CA Alameda San Francisco-Oakland
62%
SC Charleston Charleston
62%
FL Hillsborough Tampa-St Petersburg
62%
NH Hillsborough Boston
62%
NY Monroe Rochester
62%
CT New Haven Bridgeport-New Haven
62%
OK Oklahoma Oklahoma City
62%
VA Fairfax Washington DC-Baltimore
60%
OH Franklin Columbus
60%
CA Kern Bakersfield
60%
PA Lancaster Lancaster
60%
NE Lancaster Lincoln
60%
VA Prince William Washington DC-Baltimore
60%
IL Will Chicago
60%
OH Cuyahoga Cleveland-Akron
57%
MN Hennepin Minneapolis-St Paul
57%
KS Johnson Kansas City
57%
FL Lee Cape Coral
57%
FL Palm Beach Miami
57%
OK Tulsa Tulsa
57%
UT Davis Salt Lake City
55%
TX Denton Dallas-Fort Worth
55%
MI Kent Grand Rapids
55%
NC Mecklenburg Charlotte
55%
RI Providence Providence
55%
WA Spokane Spokane
55%
TX Travis Austin
55%
CA Ventura Los Angeles
55%
NY Albany Albany
52%
NJ Bergen New York
52%
NE Douglas Omaha
52%
CO Douglas Denver
52%
FL Duval Jacksonville
52%
SC Greenville Greenville
52%
NJ Hudson New York
52%
FL Pinellas Tampa-St Petersburg
52%
FL Polk Orlando
52%
IA Polk Des Moines
52%
CA Santa Cruz Santa Cruz
52%
VA Virginia Beach Virginia Beach-Norfolk
52%
IN Allen Fort Wayne
50%
WI Brown Green Bay
50%
NJ Camden Philadelpha
50%
CA Contra Costa San Francisco-Oakland
50%
TN Davidson Nashville
50%
CA Marin San Francisco-Oakland
50%
CA Merced Merced
50%
LA Orleans New Orleans
50%
CA San Mateo San Francisco-OaklandSan Jose
50%
FL Sarasota Bradenton-Sarasota
50%
TN Shelby Memphis
50%
VA Chesapeake Virginia Beach-Norfolk
48%
GA Cobb Atlanta
48%
IL DuPage Chicago
48%
GA Gwinnett Atlanta
48%
NJ Passaic New York
48%
WA Pierce Seattle
48%
AZ Pima Tucson
48%
GA DeKalb Atlanta
45%
CT Fairfield Bridgeport-New Haven
45%
KY Fayette Lexington
45%
AL Mobile Mobile
45%
MD Prince George's Washington DC-Baltimore
45%
CA San Joaquin Stockton
45%
CA Santa Barbara Santa Maria
45%
NC Wake Raleigh-Durham
45%
NJ Atlantic Atlantic City
43%
FL Brevard Palm Bay
43%
PA Bucks Philadelphia
43%
MO Clay Kansas City
43%
WI Dane Madison
43%
NC Durham Raleigh-Durham
43%
TN Knox Knoxville
43%
TX Lubbock Lubbock
43%
CA Monterey Salinas
43%
NJ Ocean New York
43%
MA Plymouth Boston
43%
NJ Union New York
43%
UT Utah Salt Lake City
43%
NV Washoe Reno
43%
MD Anne Arundel Washington DC-Baltimore
40%
PA Berks Reading
40%
NM Bernalillo Albuquerque
40%
PA Chester Philadelphia
40%
MI Macomb Detroit
40%
OR Multnomah Portland
40%
AZ Pinal Phoenix
40%
CA Sonoma Santa Rosa
40%
AK Anchorage Anchorage
38%
CO Boulder Denver
38%
NJ Burlington Philadelphia
38%
NC Forsyth Greensboro-Winston Salem
38%
GA Forsyth Atlanta
38%
MD Frederick Frederick
38%
MO Greene Springfield (Missouri)
38%
TX Hidalgo McAllen
38%
NJ Morris New York
38%
MN Ramsey Minneapolis-St Paul
38%
WA Snohomish Seattle
38%
CA Stanislaus Modesto
38%
CA Tulare Visalia
38%
TX Williamson Austin
38%
OK Cleveland Oklahoma City
36%
PA Lehigh Allentown
36%
VA Loudoun Washington DC-Baltimore
36%
CA San Luis Obispo Santa Maria
36%
FL Seminole Orlando
36%
SC Spartanburg Spartanburg
36%
FL St John's St Augustine
36%
FL Volusia Daytona Beach
36%
CO Arapahoe Denver
33%
NC Cumberland Fayetteville
33%
ME Cumberland Portland (Maine)
33%
PA Cumberland Harrisburg
33%
LA East Baton Rouge Baton Rouge
33%
TX Fort Bend Houston
33%
NJ Gloucester Philadelphia
33%
SC Lexington Columbia
33%
FL Manatee Bradenton-Sarasota
33%
FL Osceola Orlando
33%
FL Pasco Tampa-St Petersburg
33%
WA Yakima Yakima
33%
TX Cameron Brownsville
31%
GA Clayton Atlanta
31%
FL Escambia Pensacola
31%
TX Galveston Houston
31%
MD Howard Washington DC-Baltimore
31%
OH Lucas Toledo
31%
NJ Monmouth New York
31%
DE New Castle Philadelphia
31%
CT New London New London
31%
CA Placer Sacramento
31%
SC Richland Columbia
31%
CA Solano San Francisco-Oakland
31%
FL St Lucie Port St Lucie
31%
OH Summit Cleveland-Akron
31%
CO Weld DenverFort Collins
31%
MA Bristol New Bedford
29%
MI Genesee Flint
29%
NC Guilford Greensboro-Winston Salem
29%
SC Horry Myrtle Beach
29%
NJ Mercer Philadelphia
29%
AR Pulaski Little Rock
29%
NH Rockingham Boston
29%
NY Rockland New York
29%
NJ Somerset New York
29%
MI Washtenaw Detroit
29%
MN Anoka Minneapolis-St Paul
26%
OH Butler Cincinnati
26%
GA Chatham Savannah
26%
PA Dauphin Harrisburg
26%
VA Henrico Richmond
26%
MI Kalamazoo Kalamazoo
26%
IL Kane Chicago
26%
OR Lane Eugene
26%
OH Lorain Cleveland-Akron
26%
NY Onondaga Syracuse
26%
WI Waukesha Milwaukee
26%
TX Webb Laredo
26%
FL Alachua Gainesville
24%
TX Bell Killeen
24%
AR Benton Springdale-Rogers
24%
TX Brazoria Houston
24%
GA Cherokee Atlanta
24%
FL Collier Cape Coral
24%
NY Dutchess New York
24%
PA Northampton Allentown
24%
TX Nueces Corpus Christi
24%
KS Sedgwick Wichita
24%
MO St Charles St Louis
24%
IN St Joseph South Bend-Elkhart
24%
PA Westmoreland Pittsburgh
24%
VA Chesterfield Richmond
21%
OR Clackamas Portland
21%
MN Dakota Minneapolis-St Paul
21%
MI Ingham Lansing
21%
FL Leon Tallahassee
21%
PA Luzerne Wilkes-Barre-Scranton
21%
OH Stark Cleveland-Akron
21%
WA Thurston Olympia
21%
IL Winnebago Rockford
21%
MA Hampden Springfield
19%
CO Larimer Fort Collins
19%
MI Ottawa Grand Rapids
19%
TN Rutherford Nashville
19%
IL St Clair St Louis
19%
NC Buncombe Asheville
17%
WA Kitsap Bremerton
17%
TX McLennan Waco
17%
UT Weber Salt Lake City
17%
MD Harford Washington DC-Baltimore
12%
IL McHenry Chicago
12%
LA St Tamany New Orleans
2%
No matching quizzes found
Score Distribution
Percent of People with Each Score
Percentile by Number Answered
Your Score History
You have not taken this quiz